Badly Described School Subjects - Statistics

General Stats
  • This quiz has been taken 1,606 times
  • The average score is 9 of 14
Answer Stats
Badly Described Description Badly Described School Subject % Correct
Learning to pronounce tortilla, hola and other words correctly Spanish
97%
Mix weirdly colored liquids to blow things up Chemistry
92%
Study the organs of dead things to understand the organs of live things Biology
89%
Reading weird symbols between 5 bars that magically relate to sounds Music
88%
Manipulate numbers until they explain the meaning of a bunch of letters. Algebra
82%
Putting color combinations together in an organized fashion Art
79%
Torturing students by making them perform tasks involving manual labor. Points determined by subjective mind of body builder. Physical Education (PE)
71%
Thinking about why people think the way they think Psychology
63%
Looking at a blue sphere and trying to decipher important things about the green splotches and other squiggly things on it Geography
58%
Solving for unknown measurements in equations based off known measurements in order to grasp the way the world works. Physics
58%
Learning about dead people in powdered wigs angrily making harbour tea US History
49%
Finding changes in curvy things Calculus
36%
An Ancient Greek and Indian war cry used to solve all your problems with angles and pizza-slice shapes. Trigonometry
31%
Learning about angry dudes with guns on one team killing angry dudes with guns on another team. World History
31%
No matching quizzes found
Score Distribution
Percent of People with Each Score
Percentile by Number Answered
Your Score History
You have not taken this quiz